[Event "BL 1920 SV Mülheim Nord - SF Berlin"]
[Site "?"]
[Date "2021.10.14"]
[Round "9.6"]
[White "Hausrath, Daniel"]
[Black "Blohberger, Felix"]
[Result "0-1"]
[WhiteElo "2482"]
[BlackElo "2497"]
[PlyCount "106"]
[EventDate "2021.??.??"]

1. Nf3 Nf6 2. g3 g6 3. b3 Bg7 4. Bb2 d6 5. d4 c5 6. Bg2 Qa5+ 7. Qd2 Qxd2+ 8.
Nbxd2 Na6 9. O-O O-O 10. c4 Rb8 11. Rac1 Bd7 12. dxc5 Nxc5 13. b4 Na4 14. Bd4
a6 15. c5 Bb5 16. cxd6 exd6 17. Rfe1 Rbc8 18. e3 Rfe8 19. a3 Rc6 20. Nb3 Rec8
21. Nfd2 Rxc1 22. Rxc1 Rxc1+ 23. Nxc1 Bc6 24. Ncb3 Bxg2 25. Kxg2 Ne8 26. Kf3
Bxd4 27. Nxd4 Kf8 28. Nc4 d5 29. Na5 Nd6 30. Ke2 Ke7 31. Ndb3 Kd7 32. Nc5+ Nxc5
33. bxc5 Nc4 34. Nxb7 Nxa3 35. Kd3 Kc6 36. Nd8+ Kxc5 37. Nxf7 a5 38. Ng5 h6 39.
Ne6+ Kd6 40. Nd4 Nc4 41. f4 a4 42. e4 a3 43. Nc2 a2 44. exd5 Na3 45. Na1 Kxd5
46. g4 Nb5 47. Nc2 Ke6 48. h4 h5 49. f5+ Kf6 50. fxg6 hxg4 51. h5 g3 52. Ke3
Nd4 53. Na1 Kg7 0-1

[Event "BL 1920 SV Mülheim Nord - SF Berlin"]
[Site "?"]
[Date "2021.10.14"]
[Round "9.7"]
[White "Jakubowski, Krzysztof"]
[Black "Zelbel, Patrick"]
[Result "1/2-1/2"]
[WhiteElo "2459"]
[BlackElo "2453"]
[PlyCount "70"]
[EventDate "2021.??.??"]

1. e4 c5 2. Nc3 e6 3. Nge2 Nc6 4. d4 cxd4 5. Nxd4 Nf6 6. Ndb5 d6 7. Bf4 e5 8.
Bg5 a6 9. Na3 b5 10. Nd5 Be7 11. Bxf6 Bxf6 12. c3 Ne7 13. Nxf6+ gxf6 14. Be2 d5
15. exd5 Nxd5 16. Nc2 Be6 17. Bf3 f5 18. g3 e4 19. Be2 Qc7 20. a4 Rd8 21. Qc1
Nxc3 22. Nb4 Nd5 23. Qxc7 Nxc7 24. Nxa6 Nxa6 25. Bxb5+ Ke7 26. Bxa6 Rd4 27. O-O
Rb4 28. Rfb1 Ra8 29. Bb5 Bb3 30. Rc1 Bxa4 31. b3 Rxb5 32. bxa4 Rba5 33. Rc7+
Kf6 34. Rc4 Ke6 35. Rb4 R8a6 1/2-1/2

[Event "BL 1920 SV Mülheim Nord - SF Berlin"]
[Site "?"]
[Date "2021.10.14"]
[Round "9.8"]
[White "Baltic, Fatih"]
[Black "Perske, Thore"]
[Result "1/2-1/2"]
[WhiteElo "2288"]
[BlackElo "2445"]
[PlyCount "152"]
[EventDate "2021.??.??"]

1. e4 e6 2. d3 d5 3. Nd2 Nf6 4. g3 dxe4 5. Nxe4 Bb4+ 6. c3 Be7 7. Nxf6+ Bxf6 8.
Bg2 c5 9. Be3 Qc7 10. Qh5 Na6 11. Nf3 Bd7 12. Bf4 Qb6 13. Nd2 Bb5 14. Nc4 Bxc4
15. dxc4 O-O 16. O-O Rad8 17. Rab1 Rd7 18. Be3 Qc7 19. Be4 g6 20. Qf3 Bg7 21.
Rbd1 Rxd1 22. Rxd1 b6 23. Bg5 Nb8 24. Qd3 f5 25. Bg2 Kf7 26. Bd8 Qc8 27. Qd6
Re8 28. Qc7+ Qxc7 29. Bxc7 Na6 30. Bf4 e5 31. Rd7+ Re7 32. Bd5+ Ke8 33. Rxe7+
Kxe7 34. Be3 Nc7 35. Bg2 Bf6 36. Kf1 Ne6 37. Bd5 Nc7 38. Bg2 g5 39. Ke2 h5 40.
Bd2 Ke6 41. Bb7 Kd6 42. h3 g4 43. hxg4 hxg4 44. Bc8 Ne6 45. Bh6 Ke7 46. Kd3 Bh8
47. Ke2 Kf6 48. b4 Bg7 49. Bxe6 Bxh6 50. Bc8 a5 51. bxa5 bxa5 52. a4 e4 53. Bd7
Kg5 54. Bc6 Bg7 55. Kd2 Be5 56. Bb7 f4 57. Bxe4 fxg3 58. fxg3 Bxg3 59. Ke2 Kf4
60. Bc6 Bh4 61. Bb7 Kg3 62. Kf1 Bf6 63. Ba8 Kf4 64. Ke2 Bxc3 65. Bb7 Ke5 66.
Kd3 Bd4 67. Ba8 Kf4 68. Ke2 Bg1 69. Bb7 Ke5 70. Kd3 Kf5 71. Ke2 g3 72. Bg2 Ke5
73. Kd3 Kf4 74. Ke2 Ke5 75. Kd3 Kf4 76. Ke2 Ke5 1/2-1/2

[Event "BL 1920 OSG Baden-Baden - Aachener SV"]
[Site "?"]
[Date "2021.10.14"]
[Round "10.1"]
[White "Seel, Christian"]
[Black "Wojtaszek, Radoslaw"]
[Result "0-1"]
[WhiteElo "2482"]
[BlackElo "2691"]
[PlyCount "119"]
[EventDate "2021.??.??"]

1. Nf3 d5 2. d4 Nf6 3. c4 e6 4. Nc3 c6 5. e3 Nbd7 6. Bd3 dxc4 7. Bxc4 b5 8. Bd3
Bb7 9. O-O a6 10. e4 c5 11. e5 Nd5 12. Bg5 Qb6 13. dxc5 Nxc5 14. Nxd5 Bxd5 15.
Be2 Nd7 16. a4 b4 17. a5 Qb7 18. Qd4 h6 19. Be3 Bc5 20. Qf4 O-O 21. Rac1 Rfc8
22. Bd2 Nf8 23. Qg3 Ng6 24. h4 Ne7 25. Bd3 Kf8 26. Be3 Bxe3 27. fxe3 Rxc1 28.
Rxc1 Rc8 29. Rf1 Be4 30. Nd4 Nf5 31. Nxf5 exf5 32. e6 fxe6 33. Qd6+ Qe7 34.
Qxa6 Ra8 35. Qb5 Bxd3 36. Qxd3 Rxa5 37. e4 Kg8 38. exf5 Rxf5 39. Rxf5 exf5 40.
Qc4+ Kh7 41. Kf2 Kg6 42. Kf3 Qb7+ 43. Kg3 Qb8+ 44. Kf3 Qd6 45. b3 Kf6 46. g3 g5
47. hxg5+ hxg5 48. Qg8 g4+ 49. Kf2 Qd2+ 50. Kg1 Qe3+ 51. Kh1 Qf3+ 52. Kh2 Qf2+
53. Kh1 Qf1+ 54. Kh2 Qh3+ 55. Kg1 Qxg3+ 56. Kh1 Qe1+ 57. Kg2 Qe4+ 58. Kg1 Qd4+
59. Kg2 Ke5 60. Qe8+ 0-1

[Event "BL 1920 OSG Baden-Baden - Aachener SV"]
[Site "?"]
[Date "2021.10.14"]
[Round "10.2"]
[White "Rapport, Richard"]
[Black "Vandenbussche, Thibaut"]
[Result "1-0"]
[WhiteElo "2770"]
[BlackElo "2413"]
[PlyCount "37"]
[EventDate "2021.??.??"]

1. e4 e6 2. d3 d5 3. Nd2 c5 4. g3 Nf6 5. Bg2 g6 6. Nh3 Bg7 7. e5 Ng8 8. f4 Ne7
9. Nf3 Nf5 10. O-O Nc6 11. c3 f6 12. Qe2 O-O 13. Nf2 fxe5 14. fxe5 Bd7 15. Bg5
Qc7 16. Ng4 h6 17. Nf6+ Kh8 18. Bf4 Rf7 19. Nxd5 1-0

[Event "BL 1920 OSG Baden-Baden - Aachener SV"]
[Site "?"]
[Date "2021.10.14"]
[Round "10.4"]
[White "Bacrot, Etienne"]
[Black "Klein, Felix"]
[Result "1-0"]
[WhiteElo "2658"]
[BlackElo "2309"]
[PlyCount "119"]
[EventDate "2021.??.??"]

1. Nf3 d5 2. g3 Nd7 3. d4 Nb6 4. Bg2 Bf5 5. O-O e6 6. Nbd2 Be7 7. b3 h6 8. c4
c6 9. Bb2 Nf6 10. e3 O-O 11. Qe2 Ne4 12. Rfc1 Re8 13. Ne5 Nxd2 14. Qxd2 Nd7 15.
Nd3 a5 16. f3 a4 17. c5 axb3 18. axb3 Qc7 19. b4 Bxd3 20. Qxd3 b5 21. e4 Qb7
22. Bh3 Nf8 23. Rab1 Ra4 24. Qc3 Nh7 25. Re1 Ng5 26. Bg2 Qd7 27. Re2 Bf6 28. h4
Nh7 29. Rbe1 Rea8 30. Kh2 g6 31. Bh3 Qc7 32. Bc1 h5 33. Kg2 Ra2 34. Bb2 Nf8 35.
e5 Bg7 36. g4 Qe7 37. Kg3 Bh6 38. Rg1 Kh8 39. Bf1 g5 40. gxh5 gxh4+ 41. Kh3 Bf4
42. Rg4 Bg3 43. Qe3 Nh7 44. Qh6 Rg8 45. Bc1 Rxe2 46. Bxe2 Qf8 47. Qxf8 Rxf8 48.
Bh6 Rg8 49. Rxg8+ Kxg8 50. Bxb5 f6 51. Bxc6 fxe5 52. dxe5 Bxe5 53. Ba4 Nf6 54.
Kxh4 d4 55. Bb3 Kf7 56. f4 Bb8 57. f5 Ne4 58. fxe6+ Kf6 59. Bd5 Nc3 60. Bg5+
1-0

[Event "BL 1920 OSG Baden-Baden - Aachener SV"]
[Site "?"]
[Date "2021.10.14"]
[Round "10.5"]
[White "Sonntag, Hans-Hubert"]
[Black "Kasimdzhanov, Rustam"]
[Result "1/2-1/2"]
[WhiteElo "2331"]
[BlackElo "2661"]
[PlyCount "56"]
[EventDate "2021.??.??"]

1. e4 c5 2. Nf3 Nc6 3. d4 cxd4 4. Nxd4 Nf6 5. Nc3 d6 6. g3 g6 7. Nde2 Bg7 8.
Bg2 O-O 9. O-O Rb8 10. h3 b5 11. Be3 a5 12. Nd4 Nxd4 13. Bxd4 b4 14. Nd5 Nxd5
15. exd5 Bxd4 16. Qxd4 Bf5 17. c4 bxc3 18. Qxc3 Qb6 19. g4 Bd7 20. b3 Rbc8 21.
Qd2 e5 22. dxe6 fxe6 23. Rac1 d5 24. Rxc8 Rxc8 25. Rc1 Rc5 26. Bf1 Qc7 27. Rxc5
Qxc5 28. Qg5 Be8 1/2-1/2

[Event "BL 1920 OSG Baden-Baden - Aachener SV"]
[Site "?"]
[Date "2021.10.14"]
[Round "10.6"]
[White "Movsesian, Sergei"]
[Black "Meessen, Rudolf"]
[Result "1-0"]
[WhiteElo "2627"]
[BlackElo "2228"]
[PlyCount "85"]
[EventDate "2021.??.??"]

1. e4 g6 2. d4 Bg7 3. Nc3 d6 4. Be3 a6 5. Qd2 b5 6. h4 Nf6 7. f3 Nbd7 8. a4 b4
9. Nce2 h5 10. Qxb4 O-O 11. Qd2 c5 12. Rd1 Qc7 13. Nc3 Bb7 14. d5 Ne5 15. Nh3
Rad8 16. Be2 e6 17. O-O exd5 18. exd5 Rfe8 19. Bh6 Bh8 20. Nf2 c4 21. Kh1 Rb8
22. Nfe4 Bc8 23. Nxf6+ Bxf6 24. Ne4 Bxh4 25. Qf4 Qd8 26. Ng5 Bxg5 27. Bxg5 Qc7
28. Rde1 f5 29. Bxc4 Bd7 30. Bb3 Nf7 31. Bf6 Qc5 32. Bc3 g5 33. Qd2 f4 34. Qd3
Kf8 35. Qg6 Re5 36. Bxe5 dxe5 37. d6 Rxb3 38. cxb3 Nxd6 39. b4 Qxb4 40. Qh6+
Kf7 41. Qxh5+ Kf6 42. Qh6+ Kf7 43. Qh7+ 1-0

[Event "BL 1920 OSG Baden-Baden - Aachener SV"]
[Site "?"]
[Date "2021.10.14"]
[Round "10.7"]
[White "Begnis, Nikolaos"]
[Black "Gozzoli, Yannick"]
[Result "0-1"]
[WhiteElo "2281"]
[BlackElo "2602"]
[PlyCount "70"]
[EventDate "2021.??.??"]

1. e4 e5 2. Bc4 Nf6 3. Nc3 Bc5 4. d3 c6 5. Nf3 d6 6. h3 O-O 7. O-O a5 8. a4 Re8
9. Be3 Bxe3 10. fxe3 d5 11. Bb3 Be6 12. Ng5 Nbd7 13. exd5 Bxd5 14. Nxd5 cxd5
15. e4 h6 16. Nf3 dxe4 17. dxe4 Nc5 18. Bc4 Ncxe4 19. Bb5 Qb6+ 20. Kh2 Rad8 21.
Qe1 Re7 22. Nh4 g6 23. Ra3 Ng5 24. Nf3 Kg7 25. Nxg5 hxg5 26. Raf3 Nh5 27. Qc3
Qc7 28. Qxc7 Rxc7 29. R3f2 f5 30. b3 Rc3 31. Rb1 g4 32. hxg4 Nf6 33. Re2 Nxg4+
34. Kg1 e4 35. Kf1 Rxc2 0-1

[Event "BL 1920 OSG Baden-Baden - Aachener SV"]
[Site "?"]
[Date "2021.10.14"]
[Round "10.8"]
[White "Milov, Vadim"]
[Black "Lamby, Philipp"]
[Result "1-0"]
[WhiteElo "2607"]
[BlackElo "2171"]
[PlyCount "79"]
[EventDate "2021.??.??"]

1. d4 Nf6 2. Bg5 e6 3. e4 h6 4. Bxf6 Qxf6 5. c3 d6 6. Bd3 Nc6 7. Ne2 e5 8. O-O
g5 9. Na3 Bg7 10. Nc2 h5 11. Ne3 Ne7 12. Qc2 Bd7 13. a4 h4 14. f3 Ng6 15. Qb3
Rb8 16. Nd5 Qd8 17. Rad1 c6 18. Ne3 Nf4 19. Bc4 Qe7 20. Ng4 c5 21. Nxf4 gxf4
22. dxc5 dxc5 23. Bb5 Bxb5 24. Qxb5+ Kf8 25. Rd7 Qe6 26. Rxb7 Rxb7 27. Qxb7 Qb6
28. Qd5 c4+ 29. Kh1 Qc7 30. b4 cxb3 31. Qxb3 Ke7 32. Rd1 Rc8 33. Rd3 Qc4 34.
Qd1 Rc7 35. h3 Rb7 36. Kh2 Rc7 37. Rd8 Qc6 38. Rg8 Rd7 39. Qb3 Bf6 40. Nh6 1-0

[Event "BL 1920 Schachfreunde Deizisau - SC Vie"]
[Site "?"]
[Date "2021.10.14"]
[Round "10.1"]
[White "Mamedyarov, Shakhriyar"]
[Black "Kamsky, Gata"]
[Result "1-0"]
[WhiteElo "2765"]
[BlackElo "2662"]
[PlyCount "81"]
[EventDate "2021.??.??"]

1. d4 d5 2. c4 c6 3. Nc3 Nf6 4. Nf3 a6 5. cxd5 cxd5 6. Qb3 e6 7. Bg5 Nc6 8. e3
h6 9. Bh4 Be7 10. Bd3 O-O 11. O-O b5 12. Rfc1 Bb7 13. a4 Na5 14. Qd1 b4 15. Ne2
Ne4 16. Bxe7 Qxe7 17. Ne5 Rfc8 18. Rxc8+ Rxc8 19. Rc1 Rc7 20. Qe1 Rxc1 21. Qxc1
f6 22. Ng6 Qd6 23. f3 Ng5 24. h4 Nf7 25. Kf2 Nd8 26. h5 Nac6 27. Bb1 Nf7 28.
Qc2 Ng5 29. Ng3 f5 30. Ne2 Nd8 31. Nef4 a5 32. Qc1 Bc6 33. b3 Nh7 34. Bd3 Nf8
35. Ne5 Nd7 36. Nfg6 Nb8 37. Bb5 Kh7 38. Qc5 Qxc5 39. dxc5 Nb7 40. Bxc6 Nxc5
41. Be8 1-0

[Event "BL 1920 Schachfreunde Deizisau - SC Vie"]
[Site "?"]
[Date "2021.10.14"]
[Round "10.2"]
[White "Heimann, Andreas"]
[Black "Malakhov, Vladimir"]
[Result "1-0"]
[WhiteElo "2585"]
[BlackElo "2658"]
[PlyCount "139"]
[EventDate "2021.??.??"]

1. e4 e5 2. Nf3 Nc6 3. d4 exd4 4. Nxd4 Bc5 5. Nb3 Bb6 6. Nc3 Nf6 7. Qe2 a5 8.
a4 O-O 9. Bg5 h6 10. Bh4 Nd4 11. Qd3 Nxb3 12. cxb3 c6 13. O-O-O d5 14. exd5
cxd5 15. Qc2 Be6 16. Nxd5 Bxd5 17. Bxf6 Qxf6 18. Rxd5 Qxf2 19. Bc4 Be3+ 20. Kb1
Qxc2+ 21. Kxc2 Rfd8 22. Rhd1 Rxd5 23. Rxd5 b6 24. Rd7 Rf8 25. b4 axb4 26. Kb3
Bc5 27. Bd5 g5 28. Kc4 Bg1 29. h3 h5 30. Kxb4 g4 31. hxg4 hxg4 32. Kb5 Kg7 33.
b4 Kf6 34. Ka6 Ke5 35. Bxf7 g3 36. Kb7 Rh8 37. Rd5+ Ke4 38. a5 bxa5 39. bxa5
Bf2 40. Rd7 Rh1 41. a6 Ra1 42. Bd5+ Ke5 43. Bc6 Ra3 44. Rd5+ Ke6 45. Rd2 Ra5
46. Bd7+ Ke5 47. Bc8 Ra3 48. Kb8 Ra1 49. Rd7 Ra2 50. Bb7 Kf6 51. Rd3 Ke5 52.
Kc7 Rc2+ 53. Kd7 Ra2 54. Ke7 Ra5 55. Kf7 Ra4 56. Rd5+ Kf4 57. Ke6 Ke3 58. Rd6
Ke2 59. Kd7 Ra1 60. Bf3+ Kf1 61. Kc7 Kg1 62. Rb6 Be3 63. Kb7 Kh2 64. a7 Ra2 65.
Bd5 Ra1 66. Bc6 Ra2 67. Bf3 Ra3 68. Ra6 Rb3+ 69. Kc6 Bxa7 70. Rxa7 1-0

[Event "BL 1920 Schachfreunde Deizisau - SC Vie"]
[Site "?"]
[Date "2021.10.14"]
[Round "10.3"]
[White "Amin, Bassem"]
[Black "Krasenkow, Michal"]
[Result "1/2-1/2"]
[WhiteElo "2681"]
[BlackElo "2578"]
[PlyCount "94"]
[EventDate "2021.??.??"]

1. Nf3 d5 2. g3 g6 3. Bg2 Bg7 4. O-O e5 5. d3 Ne7 6. c4 dxc4 7. dxc4 Qxd1 8.
Rxd1 e4 9. Nd4 f5 10. Nc3 Kf7 11. Bf4 Na6 12. f3 exf3 13. Nxf3 h6 14. Ne5+ Ke6
15. Bd5+ Nxd5 16. cxd5+ Kf6 17. d6 g5 18. d7 gxf4 19. gxf4 Rd8 20. Rd3 Bxd7 21.
Rad1 Ke6 22. Nxd7 Rg8 23. Kf2 Rae8 24. Rd5 c6 25. Rd6+ Kf7 26. Ne5+ Bxe5 27.
fxe5 Rg6 28. Rxg6 Kxg6 29. Rd6+ Kh5 30. e3 Nc5 31. b4 Ne4+ 32. Nxe4 fxe4 33. e6
Kg4 34. e7 Rxe7 35. Rxh6 Rd7 36. Ke2 Rd5 37. Rf6 Rh5 38. Rf2 a5 39. a3 Kh3 40.
Rf4 Re5 41. Kf2 axb4 42. axb4 b6 43. Rf6 Rb5 44. Rh6+ Kg4 45. h3+ Kg5 46. Rxc6
Rxb4 47. Rd6 Kh4 1/2-1/2

[Event "BL 1920 Schachfreunde Deizisau - SC Vie"]
[Site "?"]
[Date "2021.10.14"]
[Round "10.4"]
[White "Bluebaum, Matthias"]
[Black "Kovalenko, Igor"]
[Result "0-1"]
[WhiteElo "2640"]
[BlackElo "2647"]
[PlyCount "110"]
[EventDate "2021.??.??"]

1. d4 Nf6 2. c4 e6 3. Nc3 Bb4 4. e3 O-O 5. Bd3 c5 6. Nge2 d5 7. cxd5 cxd4 8.
exd4 Nxd5 9. O-O Nc6 10. a3 Bd6 11. Re1 Qh4 12. g3 Qh5 13. Nxd5 exd5 14. Bf4
Rd8 15. Qd2 Bg4 16. h4 Bxe2 17. Bxe2 Bxf4 18. Qxf4 Qg6 19. Bf3 Kf8 20. Rad1 Qd6
21. Qg5 h6 22. Qh5 Rac8 23. Bg2 Rc7 24. Qf3 Re7 25. Rxe7 Qxe7 26. h5 Qg5 27.
Bh3 Kg8 28. Bg2 a6 29. Bh3 Qe7 30. Bg2 Qg5 31. Bh3 Re8 32. Bf5 Qf6 33. Qxd5 Rd8
34. Qe4 Nxd4 35. Bg4 b6 36. Rd3 a5 37. Bd7 Ne6 38. Bxe6 Rxd3 39. Qxd3 Qxe6 40.
Qd8+ Kh7 41. Qd3+ g6 42. hxg6+ fxg6 43. Kg2 h5 44. f4 Kg7 45. Kf3 Qc6+ 46. Qe4
Qxe4+ 47. Kxe4 a4 48. Kf3 Kf7 49. g4 hxg4+ 50. Kxg4 Kf6 51. Kg3 Ke6 52. Kf2 Kd5
53. Ke3 Kc4 54. Ke4 b5 55. Ke5 Kd3 0-1

[Event "BL 1920 Schachfreunde Deizisau - SC Vie"]
[Site "?"]
[Date "2021.10.14"]
[Round "10.5"]
[White "Fedorchuk, Sergey A"]
[Black "Donchenko, Alexander"]
[Result "1/2-1/2"]
[WhiteElo "2606"]
[BlackElo "2648"]
[PlyCount "78"]
[EventDate "2021.??.??"]

1. e4 c5 2. Nf3 d6 3. Bb5+ Bd7 4. Bxd7+ Qxd7 5. O-O Nf6 6. Qe2 Nc6 7. c3 e6 8.
Rd1 Be7 9. d4 cxd4 10. cxd4 d5 11. e5 Ne4 12. Nbd2 Nxd2 13. Bxd2 O-O 14. g3 a5
15. a4 Nb4 16. Rdc1 Rfc8 17. Rc3 h6 18. h4 Nc2 19. Rc1 Rxc3 20. Bxc3 Nb4 21.
Ra1 Rb8 22. Qb5 Qxb5 23. axb5 Ra8 24. Kf1 a4 25. Ne1 Kf8 26. Ke2 Ke8 27. Ra3
Kd7 28. h5 f5 29. exf6 gxf6 30. b3 Rc8 31. bxa4 Nd3 32. Ra1 Nxf2 33. Kxf2 Rxc3
34. a5 Kc7 35. a6 Kb8 36. Ng2 Rc2+ 37. Kf3 Rc3+ 38. Kf2 Rc2+ 39. Kf3 Rc3+
1/2-1/2

[Event "BL 1920 Schachfreunde Deizisau - SC Vie"]
[Site "?"]
[Date "2021.10.14"]
[Round "10.6"]
[White "Lagarde, Maxime"]
[Black "Maze, Sebastien"]
[Result "1/2-1/2"]
[WhiteElo "2640"]
[BlackElo "2553"]
[PlyCount "79"]
[EventDate "2021.??.??"]

1. c4 e6 2. Nf3 d5 3. g3 Nf6 4. Bg2 Be7 5. O-O O-O 6. b3 c5 7. Bb2 Nc6 8. e3 b6
9. Nc3 Bb7 10. cxd5 exd5 11. Ne2 Ba6 12. a3 Rc8 13. Re1 Ne4 14. Nf4 Bf6 15. d4
Re8 16. Rc1 c4 17. b4 Bb7 18. Nd2 Nxd2 19. Qxd2 Nb8 20. b5 Bg5 21. a4 a5 22.
Ba3 Be7 23. Bxe7 Rxe7 24. Ne2 Qd6 25. Nc3 Rce8 26. Re2 Nd7 27. Rce1 f5 28. Qc2
g6 29. Nb1 Ba8 30. Nd2 Nf6 31. Nf3 Nd7 32. Rd2 Bb7 33. Red1 Rc8 34. h4 h5 35.
Ng5 Nf6 36. Re2 Kg7 37. Nf3 Nd7 38. Rb1 Rce8 39. Qc3 Ba8 40. Qc2 1/2-1/2

[Event "BL 1920 Schachfreunde Deizisau - SC Vie"]
[Site "?"]
[Date "2021.10.14"]
[Round "10.7"]
[White "Libiszewski, Fabien"]
[Black "Kollars, Dmitrij"]
[Result "0-1"]
[WhiteElo "2504"]
[BlackElo "2621"]
[PlyCount "80"]
[EventDate "2021.??.??"]

1. b3 d5 2. Bb2 Nf6 3. Nf3 Bg4 4. e3 Nbd7 5. Be2 e6 6. h3 Bh5 7. d3 h6 8. Nbd2
Bd6 9. e4 e5 10. O-O O-O 11. Re1 Re8 12. c3 Nc5 13. Qc2 Ne6 14. Bf1 dxe4 15.
dxe4 c6 16. Nh4 b5 17. Nf5 Bc5 18. b4 Bf8 19. a4 Qb6 20. Nb3 a6 21. Bc1 c5 22.
Be3 Qc6 23. axb5 axb5 24. Rxa8 Rxa8 25. Nxc5 Nxc5 26. Bxc5 Bxc5 27. bxc5 Qxc5
28. Qb3 Bg6 29. Ng3 h5 30. h4 Ng4 31. Nh1 Qe7 32. g3 Ra3 33. Qb4 Qa7 34. Bxb5
Ra2 35. Rf1 Rd2 36. Bc6 Qa6 37. Bd5 Qe2 38. Qb6 Kh7 39. Qd8 Ne3 40. Ra1 Nxd5
0-1

[Event "BL 1920 Schachfreunde Deizisau - SC Vie"]
[Site "?"]
[Date "2021.10.14"]
[Round "10.8"]
[White "Kozul, Zdenko"]
[Black "Zaragatski, Ilja"]
[Result "1-0"]
[WhiteElo "2601"]
[BlackElo "2522"]
[PlyCount "129"]
[EventDate "2021.??.??"]

1. d4 d5 2. c4 e6 3. Nf3 c6 4. e3 Bd6 5. Bd3 f5 6. O-O Nf6 7. b3 Qe7 8. Bb2 O-O
9. Nc3 Ne4 10. Ne2 Nd7 11. Ne5 Nxe5 12. dxe5 Bc5 13. Rc1 a5 14. Nf4 b6 15. cxd5
exd5 16. Bd4 Bd7 17. f3 Ng5 18. Bxc5 bxc5 19. Qc2 c4 20. bxc4 Qxe5 21. Rfe1 Ne6
22. Nxe6 Bxe6 23. cxd5 Bxd5 24. Qc5 Qb2 25. Bc4 Bxc4 26. Qxc4+ Kh8 27. Rc2 Qb4
28. Rd1 Rad8 29. Rdc1 Qa3 30. Rc3 Qb2 31. Qb3 Qe2 32. R3c2 Rd1+ 33. Rxd1 Qxd1+
34. Kf2 Re8 35. Qc3 Qd6 36. Qxc6 Qe5 37. Qc5 Qxh2 38. Qxf5 Qh4+ 39. Ke2 Qh6 40.
e4 Qa6+ 41. Kf2 a4 42. Qf7 Rd8 43. e5 Qb6+ 44. Kg3 Qe3 45. Qe7 Qe1+ 46. Kh2 Rg8
47. Rc4 a3 48. Re4 Qc1 49. e6 Qb2 50. Qf7 Qb8+ 51. Kh3 Qc8 52. Qd7 Qe8 53. Qd5
Qg6 54. g4 Re8 55. Kg3 h6 56. Qf5 Qg5 57. Qf7 Re7 58. Qf8+ Kh7 59. f4 Qc5 60.
Qf5+ Qxf5 61. gxf5 Kg8 62. Kg4 Kf8 63. Ra4 Rb7 64. Rxa3 Ke7 65. Ra8 1-0

[Event "BL 1920 SV Werder Bremen - BCA Augsburg"]
[Site "?"]
[Date "2021.10.14"]
[Round "10.1"]
[White "Postny, Evgeny"]
[Black "McShane, Luke J"]
[Result "1/2-1/2"]
[WhiteElo "2552"]
[BlackElo "2676"]
[PlyCount "120"]
[EventDate "2021.??.??"]

1. d4 Nf6 2. c4 e6 3. Nf3 b6 4. g3 Bb7 5. Bg2 Be7 6. O-O O-O 7. Re1 Na6 8. Ne5
Bxg2 9. Kxg2 Qb8 10. Nf3 Qb7 11. Nc3 Ne4 12. Nxe4 Qxe4 13. Bd2 Nb4 14. Bxb4
Bxb4 15. Rf1 Be7 16. Rc1 Rfd8 17. Qc2 Qxc2 18. Rxc2 c5 19. dxc5 bxc5 20. Rd1
Kf8 21. Rd3 Rab8 22. Ne5 Ke8 23. Ra3 Rb7 24. Nd3 d6 25. Kf1 Rdb8 26. Ra6 Rd7
27. Ke1 Rb6 28. Ra5 f5 29. Kd1 Bf6 30. Kc1 Rdb7 31. b3 g5 32. e3 h5 33. Re2 Kf7
34. Kc2 Kg6 35. f3 e5 36. e4 f4 37. gxf4 gxf4 38. Rg2+ Kh7 39. Kd1 Bd8 40. Ra4
a5 41. Ke2 Ra7 42. Kf1 Rbb7 43. Nf2 Rg7 44. Rxg7+ Rxg7 45. Ra3 Kg6 46. Ra4 Kf6
47. Ra3 Ke6 48. Ra4 Kd7 49. Ra3 Kc6 50. Ra4 Kb6 51. Ra3 Bh4 52. Nh3 Bg3 53. Kg2
Be1+ 54. Kf1 Bb4 55. Ra4 Bc3 56. Ra3 Bb2 57. Ra4 Bd4 58. Ra3 Rg8 59. Ra4 Bb2
60. Kf2 Bd4+ 1/2-1/2

[Event "BL 1920 SV Werder Bremen - BCA Augsburg"]
[Site "?"]
[Date "2021.10.14"]
[Round "10.2"]
[White "Efimenko, Zahar"]
[Black "Papp, Gabor"]
[Result "1-0"]
[WhiteElo "2601"]
[BlackElo "2594"]
[PlyCount "69"]
[EventDate "2021.??.??"]

1. d4 Nf6 2. c4 e6 3. Nf3 d5 4. e3 a6 5. b3 b6 6. Bd3 Bb7 7. O-O Nbd7 8. cxd5
exd5 9. Bb2 Bd6 10. Ne5 O-O 11. f4 Ne4 12. Bxe4 dxe4 13. Nc3 b5 14. Qc2 f6 15.
Nxe4 Bxe4 16. Qxe4 fxe5 17. dxe5 Be7 18. Rad1 Nc5 19. Qf3 Qe8 20. f5 Kh8 21.
Qg3 Nd7 22. Rxd7 Qxd7 23. e6 Bd6 24. Qg5 Qe7 25. f6 Rxf6 26. Rxf6 Rf8 27. Rxf8+
Qxf8 28. Be5 Be7 29. Qf4 c5 30. Qxf8+ Bxf8 31. Kf2 Kg8 32. Kf3 Be7 33. Ke4 g6
34. Kd5 Kf8 35. Bd6 1-0

[Event "BL 1920 SV Werder Bremen - BCA Augsburg"]
[Site "?"]
[Date "2021.10.14"]
[Round "10.3"]
[White "Nestorovic, Nikola"]
[Black "Edouard, Romain"]
[Result "1-0"]
[WhiteElo "2467"]
[BlackElo "2593"]
[PlyCount "53"]
[EventDate "2021.??.??"]

1. e4 c5 2. Nf3 d6 3. d4 cxd4 4. Nxd4 Nf6 5. Nc3 Nc6 6. Bg5 e6 7. Bb5 Bd7 8.
Qd3 Be7 9. O-O-O h6 10. Bh4 g5 11. Bg3 Nh5 12. Rhe1 a6 13. Bxc6 bxc6 14. Kb1
Nxg3 15. hxg3 Qb6 16. Nf5 exf5 17. exf5 d5 18. f6 Be6 19. fxe7 Qxf2 20. Ne4 Qb6
21. Qc3 Kxe7 22. Nc5 Rhg8 23. Qa3 Kd8 24. Nxe6+ fxe6 25. Qd6+ Kc8 26. Qxe6+ Kb7
27. Qf7+ 1-0

[Event "BL 1920 SV Werder Bremen - BCA Augsburg"]
[Site "?"]
[Date "2021.10.14"]
[Round "10.4"]
[White "Hracek, Zbynek"]
[Black "Prusikin, Michael"]
[Result "1/2-1/2"]
[WhiteElo "2566"]
[BlackElo "2545"]
[PlyCount "45"]
[EventDate "2021.??.??"]

1. e4 e5 2. Nf3 Nc6 3. Bc4 Bc5 4. c3 Nf6 5. d3 d6 6. Bg5 h6 7. Bh4 a6 8. Nbd2
Ba7 9. O-O g5 10. Bg3 Qe7 11. a4 Nd7 12. Kh1 Nf8 13. Ng1 h5 14. f3 Ng6 15. Bf2
Bxf2 16. Rxf2 Qf6 17. Nf1 h4 18. Ne3 Nce7 19. Qd2 Nf4 20. Ne2 Be6 21. b4 Bxc4
22. dxc4 a5 23. Nxf4 1/2-1/2

[Event "BL 1920 SV Werder Bremen - BCA Augsburg"]
[Site "?"]
[Date "2021.10.14"]
[Round "10.5"]
[White "Rozentalis, Eduardas"]
[Black "Markgraf, Alexander"]
[Result "1/2-1/2"]
[WhiteElo "2513"]
[BlackElo "2482"]
[PlyCount "63"]
[EventDate "2021.??.??"]

1. e4 c5 2. Nf3 e6 3. g3 Nc6 4. Bg2 Nf6 5. Qe2 e5 6. c3 Be7 7. O-O O-O 8. d3
Re8 9. Nbd2 Bf8 10. Re1 Rb8 11. a4 d6 12. Nc4 h6 13. Bd2 a6 14. h3 Be6 15. Kh2
b5 16. axb5 axb5 17. Ne3 Qd7 18. Nh4 d5 19. exd5 Nxd5 20. Ra6 Rbc8 21. Ng4 Nde7
22. Nxe5 Nxe5 23. Qxe5 Nf5 24. Nxf5 Bxf5 25. Qd5 Qxd5 26. Bxd5 Rxe1 27. Bxe1
Bxd3 28. Bd2 Rd8 29. Bg2 b4 30. Rb6 Bc4 31. Be3 Be6 32. cxb4 1/2-1/2

[Event "BL 1920 SV Werder Bremen - BCA Augsburg"]
[Site "?"]
[Date "2021.10.14"]
[Round "10.6"]
[White "Grigorian, Spartak"]
[Black "Stankovic, Milos"]
[Result "1-0"]
[WhiteElo "2470"]
[BlackElo "2420"]
[PlyCount "93"]
[EventDate "2021.??.??"]

1. d4 d5 2. c4 e6 3. Nc3 Nf6 4. cxd5 exd5 5. Bg5 Be7 6. e3 O-O 7. Bd3 Re8 8.
Qc2 h6 9. Bh4 c5 10. dxc5 d4 11. Rd1 Nc6 12. Nge2 Bxc5 13. O-O dxc3 14. Bh7+
Nxh7 15. Bxd8 Nxd8 16. Nxc3 Be6 17. Nd5 Rc8 18. Qa4 Nc6 19. b4 Bxd5 20. Rxd5
Bb6 21. Rd7 Rb8 22. Qb3 Ne5 23. Rd2 Nf6 24. a4 a6 25. h3 Rbc8 26. Rfd1 Ba7 27.
Rc2 Nc6 28. Rdc1 Rcd8 29. b5 axb5 30. Qxb5 Re7 31. Qb1 Ne4 32. Rd1 Ra8 33. Qb5
Rae8 34. a5 Ne5 35. Rc7 Nc6 36. Qxb7 Nxf2 37. Qxc6 Nxd1 38. Rxa7 Rxe3 39. Ra8
Rxa8 40. Qxa8+ Kh7 41. a6 Re1+ 42. Kh2 Ne3 43. a7 Nf1+ 44. Kg1 Nd2+ 45. Kf2 Re7
46. Qb8 Ne4+ 47. Kg1 1-0

[Event "BL 1920 SV Werder Bremen - BCA Augsburg"]
[Site "?"]
[Date "2021.10.14"]
[Round "10.7"]
[White "Arnaudov, G. Petar"]
[Black "Reuker, Jari"]
[Result "1-0"]
[WhiteElo "2455"]
[BlackElo "2404"]
[PlyCount "61"]
[EventDate "2021.??.??"]

1. Nf3 Nf6 2. c4 g6 3. Nc3 Bg7 4. e4 d6 5. d4 O-O 6. h3 e5 7. d5 a5 8. g4 Na6
9. Be3 Nc5 10. Nd2 c6 11. Be2 a4 12. a3 Qa5 13. Kf1 Rb8 14. g5 Nfd7 15. h4 cxd5
16. Nxd5 Re8 17. h5 Ne6 18. Bg4 Nd4 19. Nf3 Nb3 20. hxg6 hxg6 21. Bxd7 Bxd7 22.
Nf6+ Bxf6 23. gxf6 Qd8 24. Bg5 Bg4 25. Rh4 Qc8 26. Kg2 Nxa1 27. Bh6 Nb3 28. Bg7
Bh5 29. Ng5 Qxc4 30. Qxh5 gxh5 31. Rxh5 1-0